000 00870nam a22002177a 4500
999 _c63297
_d63297
005 20240530110633.0
008 170912s2014 ua a g b 000 0dara d
017 _a2013/21742
_bمصر . دار الكتب المصرية
020 _a9789777185615
040 _aEG-CaGPL
082 0 4 _221
_a072.062\
_bق/ج م
100 1 _aجيفنوا ، بابلو دى .
245 1 0 _aمكتبة الاسكندرية :
_bفك طلاسم اللغز /
_cتاليف بابلو دى جيفنوا ؛ ترجمة على ابراهيم منوفى .
250 _aط.1
260 _aالقاهرة :
_bالمركز القومى للترجمة ،
_c2014 .
300 _a422 ص ؛
_c24 سم .
490 0 _aالمركز القومى للترجمة ؛
_v2254
650 0 7 _aمكتبة الاسكندرية .
700 0 _aعلى ابراهيم منوفى
_eمترجم .
942 _2ddc
_cBK